| 000 | 01383nam a22002057a 4500 | ||
|---|---|---|---|
| 005 | 20230313160743.0 | ||
| 008 | 230310b ||||| |||| 00| 0 eng d | ||
| 020 | _a9781107006492 | ||
| 040 | _cAL | ||
| 041 | _aeng | ||
| 082 |
_223 _a536.7 _bWAST |
||
| 100 |
_aWasserman Allen L. _975008 |
||
| 245 |
_aThermal Physics _bConcepts and Practice |
||
| 260 |
_aNew York _bCambridge University Press _c2012 |
||
| 300 |
_axiii,303p. _bHB _c25x18cm. |
||
| 365 |
_2General _a8204 _b₹3826.00 _c₹ _d₹4905.00 _e22% _f03/03/2023 |
||
| 520 | _aThermodynamics has benefited from nearly 100 years of parallel development with quantum mechanics. As a result, thermal physics has been considerably enriched in concepts, technique and purpose, and now has a dominant role in the developments of physics, chemistry and biology. This unique book explores the meaning and application of these developments using quantum theory as the starting point. The book links thermal physics and quantum mechanics in a natural way. Concepts are combined with interesting examples, and entire chapters are dedicated to applying the principles to familiar, practical and unusual situations. Together with end-of-chapter exercises, this book gives advanced undergraduate and graduate students a modern perception and appreciation for this remarkable subject. | ||
| 650 |
_2Physics _aHeat _975281 |
||
| 942 |
_2ddc _cBK |
||
| 999 |
_c226985 _d226985 |
||